00898nam a22002177a 4500001001400000003000900014005001700023008004100040040001300081082002000094100005200114245012500166260008200291300003100373500007300404504004100477650004400518650001900562700005200581710004700633BD-DhSAU 9278BD-DhSAU20260510130040.0260510b2018 bg a|||| m||| 00| 0 eng d aBD-DhSAU 222a660.6bSu22 aSINGHI, SUDEB CHANDRA eRegistration # 22010127 aComparative performance of strawberry (fragaria × ananassa duch.) regeneration in three different media / bMS thesis  aSher-e-Bangla Agricultural University;bDepartment of Biotechnology, ;c2024. aix, 64p. :bill. ;c30 cm. aMS thesis of Department of Biotechnology, ;, Faculty of Agriculture. aIncludes bibliographical reference.  astrawberry (fragaria × ananassa duch.) a regeneration  aAssoio, Prof. Dr. Md. Rafiqul IslameSuperviser eCo-SuperviseraProf. Dr. Md. Ekramul Hoque